| 000 | 00390nam a2200145Ia 4500 | ||
|---|---|---|---|
| 008 | 231129s1995||||xx |||||||||||||| ||spa|| | ||
| 020 | _a958-04-3028-4 | ||
| 040 | _bspa | ||
| 082 | _a294.3927 B393v | ||
| 100 | _aBeck Charlotte Joko | ||
| 245 | 0 | _aLa vida tal como es: EnseƱanzas sobre Zen | |
| 260 | _c1995 | ||
| 264 | _aNorma | ||
| 942 |
_2ddc _cBKS |
||
| 999 |
_c18483 _d18483 |
||